01143nam a2200277uu 4500001000800000005001700008007001000025008004100035035001200076040001300088041000800101080000800109100004300117245011600160260004300276300001700319520030800336650002800644650003500672650003200707650002900739650002900768700004800797502001200845526000800857105208920260507082517.0cr|||||||071012e20070130 spa  a1052089 ccomduadb aspa aPMC10aGómez Restrepo, Luis Vidal4auteaut10aManual de instalación, operación y mantenimiento de sistemas de expansión directa y unidades ventiladoras aMedellín :b[sin publicador],c2007. a40 páginas3 aSe elabora un manual de operación, instalación y mantanimiento para sistemas de aire acondicionado de expansioó directa y unidades ventiladoras. En la Empresa Aire Ambiente S.A. y se espera que dicho manual sea de fácil compresión para cualquier persona ya sea cliente, técnico o estudiante. aManuales de operaciones aSistemas de aire acondicionado aSistemas de refrigeración aManual de procedimientos aMantenimiento de equipos10aAgudelo Flórez, Sergio Cipriano4thseths b176c17 a178